[Event "Integracyjny Turniej FIANCHETTO"]
[Site "Jastrzebia Gora"]
[Date "2013.??.??"]
[Round "4.19"]
[White "Panczuk, Boleslaw"]
[Black "Serbinowski, Mieczyslaw"]
[Result "0-1"]
[WhiteElo "1436"]
[BlackElo "1766"]
[PlyCount "44"]
[EventDate "2013.??.??"]

1. d4 Nf6 2. c4 g6 3. Nc3 Bg7 4. Nf3 O-O 5. Bg5 h6 6. Be3 e6 7. g3 c6 8. Bg2 d5
9. cxd5 exd5 10. O-O Re8 11. Qd2 Kh7 12. Ne5 Be6 13. Qc2 Nbd7 14. Bf4 Nh5 15.
Nxf7 Bxf7 16. Bd2 Bxd4 17. e4 Ndf6 18. Rae1 Bxc3 19. bxc3 dxe4 20. Bc1 Bc4 21.
Bxe4 Nxe4 22. Rxe4 Bxf1 0-1

[Event "Integracyjny Turniej FIANCHETTO"]
[Site "Jastrzebia Gora"]
[Date "2013.??.??"]
[Round "4.20"]
[White "Jurkiewicz, Kazimierz"]
[Black "Wysocki, Mieczyslaw"]
[Result "0-1"]
[WhiteElo "1437"]
[BlackElo "1762"]
[PlyCount "44"]
[EventDate "2013.??.??"]

1. d4 f5 2. Nf3 Nf6 3. h3 g6 4. Bf4 Bg7 5. c3 b6 6. e3 Bb7 7. Be2 d6 8. Nbd2
Nbd7 9. Rb1 O-O 10. O-O Re8 11. c4 e5 12. Bg5 h6 13. Bh4 g5 14. Bg3 Qe7 15.
dxe5 dxe5 16. Kh1 f4 17. exf4 exf4 18. Bh2 Qxe2 19. Qb3 Nc5 20. Qc3 Nfe4 21.
Qc2 Nxf2+ 22. Kg1 Be4 0-1

[Event "Integracyjny Turniej FIANCHETTO"]
[Site "Jastrzebia Gora"]
[Date "2013.??.??"]
[Round "4.21"]
[White "Budnik, Kazimierz"]
[Black "Korycki, Jozef"]
[Result "1-0"]
[WhiteElo "1326"]
[BlackElo "1716"]
[PlyCount "73"]
[EventDate "2013.??.??"]

1. e4 c5 2. Nf3 d6 3. d4 cxd4 4. Nxd4 a6 5. Bd3 Nf6 6. Bg5 e6 7. Nc3 Be7 8. Nf3
h6 9. Bh4 Nc6 10. a3 Qc7 11. Qe2 e5 12. h3 O-O 13. Bxf6 Bxf6 14. Nd5 Qd8 15.
Nxf6+ Qxf6 16. Qe3 Nd4 17. Nxd4 exd4 18. Qg3 Re8 19. O-O Qg6 20. Qh4 Qg5 21.
Qxg5 hxg5 22. Rae1 Re5 23. f4 gxf4 24. Rxf4 Be6 25. b4 b5 26. Ref1 Rc8 27. Kh1
Rc3 28. Ra1 g5 29. Rf2 Kg7 30. a4 Bc4 31. axb5 axb5 32. Ra7 Be6 33. Rb7 Kg8 34.
Rxb5 Rxb5 35. Bxb5 Bc4 36. Bd7 Re3 37. Bc6 {(...54)} 1-0

[Event "Integracyjny Turniej FIANCHETTO"]
[Site "Jastrzebia Gora"]
[Date "2013.??.??"]
[Round "4.23"]
[White "Szynwelski, Ryszard"]
[Black "Borkowski, Jozef"]
[Result "0-1"]
[WhiteElo "1320"]
[BlackElo "1673"]
[PlyCount "56"]
[EventDate "2013.??.??"]

1. e4 e5 2. Nf3 Nf6 3. d3 Nc6 4. Nbd2 Bc5 5. Be2 d6 6. O-O h6 7. h3 g5 8. Nh2
Be6 9. a3 a5 10. Ng4 h5 11. Nxf6+ Qxf6 12. Nf3 g4 13. Bg5 Qg7 14. Bh4 gxf3 15.
Bxf3 Nd4 16. Bxh5 Qh6 17. g4 Kd7 18. Bg3 Raf8 19. c4 Nc6 20. Kg2 Nd4 21. f4
exf4 22. Bxf4 Qg7 23. Qa4+ b5 24. cxb5 Rxh5 25. b6+ Nc6 26. b7 Bxg4 27. b8=N+
Rxb8 28. Rf3 Bxh3+ 0-1

[Event "Integracyjny Turniej FIANCHETTO"]
[Site "Jastrzebia Gora"]
[Date "2013.??.??"]
[Round "4.25"]
[White "Ostrowski, Michal"]
[Black "Pilecki, Jozef"]
[Result "1-0"]
[WhiteElo "1431"]
[BlackElo "1399"]
[PlyCount "34"]
[EventDate "2013.??.??"]

1. Nc3 b6 2. e4 Bb7 3. Bc4 e6 4. Nf3 d5 5. d3 dxc4 6. dxc4 Qxd1+ 7. Kxd1 Bc5 8.
Ke2 Nd7 9. Nb5 Kd8 10. Ng5 Nh6 11. f3 f6 12. Nxe6+ Kc8 13. Nexc7 Nf7 14. Nxa8
Bxa8 15. Bf4 g5 16. Bg3 h5 17. a3 17... Be7 {(...34)} 1-0

[Event "Integracyjny Turniej FIANCHETTO"]
[Site "Jastrzebia Gora"]
[Date "2013.??.??"]
[Round "4.26"]
[White "Jagiello, Adolf"]
[Black "Chmielowski, Stefan"]
[Result "0-1"]
[WhiteElo "1386"]
[BlackElo "1678"]
[PlyCount "26"]
[EventDate "2013.??.??"]

1. e4 Nc6 2. Nc3 e5 3. Nf3 d6 4. h3 Be7 5. Bb5 Bd7 6. a3 Nb8 7. O-O c6 8. Bd3
b5 9. b4 Nf6 10. Ne1 O-O 11. f4 a5 12. Bb2 g6 13. Nb1 13... d5 {(...43)} 0-1

[Event "Integracyjny Turniej FIANCHETTO"]
[Site "Jastrzebia Gora"]
[Date "2013.??.??"]
[Round "4.27"]
[White "Przybylak, Gabriela"]
[Black "Czarkowski, Jan"]
[Result "0-1"]
[WhiteElo "1376"]
[BlackElo "1289"]
[PlyCount "58"]
[EventDate "2013.??.??"]

1. d4 d5 2. Nf3 Bg4 3. e3 Nf6 4. Be2 Bxf3 5. Bxf3 Nbd7 6. b3 c5 7. c3 c4 8. b4
Rb8 9. a4 e5 10. Bb2 exd4 11. Qxd4 Qb6 12. Qxb6 Nxb6 13. a5 Nbd7 14. Nd2 Ne5
15. Be2 Nd3+ 16. Bxd3 cxd3 17. f3 a6 18. Ba3 g6 19. Bb2 Rg8 20. O-O Bh6 21. f4
Ng4 22. Rae1 Kf8 23. Rf3 Nf6 24. Ba3 Kg7 25. Bb2 Kf8 26. Nb3 b6 27. Ba3 Kg7 28.
Nd4 bxa5 29. bxa5 29... Rgc8 {(...92)} 0-1

[Event "Integracyjny Turniej FIANCHETTO"]
[Site "Jastrzebia Gora"]
[Date "2013.??.??"]
[Round "5.2"]
[White "Szczepaniec, Stanislaw"]
[Black "Najdzionek, Boleslaw"]
[Result "1-0"]
[WhiteElo "1987"]
[BlackElo "1911"]
[PlyCount "79"]
[EventDate "2013.??.??"]

1. c4 Nf6 2. Nc3 g6 3. e4 e5 4. Nf3 Nc6 5. d4 exd4 6. Nxd4 Nxd4 7. Qxd4 c5 8.
Qd3 h6 9. Be2 d6 10. Bf4 a6 11. O-O-O Be6 12. b3 Qc7 13. Bxd6 Qxd6 14. Qxd6
Bxd6 15. Rxd6 Rd8 16. Rhd1 Rxd6 17. Rxd6 Nd7 18. f4 Ke7 19. Rd2 Rb8 20. g4 f6
21. Nd5+ Bxd5 22. Rxd5 b6 23. h4 Rf8 24. Kd2 Rg8 25. g5 hxg5 26. hxg5 fxg5 27.
Rxg5 Nf6 28. Ke3 Kf7 29. a4 a5 30. Bf3 Re8 31. e5 Nh7 32. Rg2 Nf8 33. Bd5+ Ke7
34. Ke4 Rd8 35. f5 gxf5+ 36. Kxf5 Rd7 37. Rh2 Rd8 38. Rh6 Rb8 39. Rf6 Ke8 40.
Rf7 1-0

[Event "Integracyjny Turniej FIANCHETTO"]
[Site "Jastrzebia Gora"]
[Date "2013.??.??"]
[Round "5.3"]
[White "Bakalarz, Leszek"]
[Black "Winiarski, Kazimierz"]
[Result "1-0"]
[WhiteElo "2148"]
[BlackElo "1908"]
[PlyCount "97"]
[EventDate "2013.??.??"]

1. e4 c5 2. Nf3 d6 3. d4 cxd4 4. Nxd4 Nf6 5. Nc3 a6 6. Bg5 e6 7. f4 Be7 8. Qf3
Qc7 9. O-O-O Nbd7 10. g4 Rb8 11. Bxf6 Nxf6 12. g5 Nd7 13. f5 Bxg5+ 14. Kb1 Ne5
15. Qh5 Bf6 16. fxe6 g6 17. Nd5 gxh5 18. Nxc7+ Kf8 19. Nd5 Ng4 20. Nxf6 Nxf6
21. Bh3 fxe6 22. Bxe6 Bxe6 23. Nxe6+ Ke7 24. Nf4 Rhg8 25. Nd5+ Nxd5 26. Rxd5
Rbf8 27. Rxh5 Rf7 28. b3 Rg2 29. Re1 Kd7 30. Re3 Ke6 31. Rc3 Re2 32. Rh4 Ke5
33. Rc8 Ke6 34. a4 Kd7 35. Rh8 Kc6 36. h3 Rc7 37. R8xh7 Rxh7 38. Rxh7 Rxe4 39.
Kb2 Re3 40. b4 Rg3 41. Rh8 Kc7 42. a5 Rf3 43. c3 Rg3 44. h4 Rh3 45. h5 Kc6 46.
h6 d5 47. h7 Kb5 48. Kb3 Rh4 49. Rc8 1-0

[Event "Integracyjny Turniej FIANCHETTO"]
[Site "Jastrzebia Gora"]
[Date "2013.??.??"]
[Round "5.4"]
[White "Relidzynski, Tadeusz"]
[Black "Pioch, Zygmunt"]
[Result "1-0"]
[WhiteElo "1875"]
[BlackElo "2086"]
[PlyCount "89"]
[EventDate "2013.??.??"]

1. e4 e5 2. Nf3 Nc6 3. Bb5 a6 4. Ba4 Nf6 5. O-O Be7 6. Re1 b5 7. Bb3 O-O 8. a4
Bb7 9. c3 d6 10. d4 h6 11. Nbd2 Re8 12. Nf1 Bf8 13. Ng3 g6 14. h3 Qb8 15. Nh4
Kg7 16. Bxh6+ Kxh6 17. Bxf7 Kg7 18. Bxg6 Ne7 19. Bxe8 Qxe8 20. dxe5 dxe5 21.
axb5 axb5 22. Rxa8 Bxa8 23. Qd2 Neg8 24. Qg5+ Kh7 25. Nhf5 Bc6 26. h4 Qg6 27.
Qxg6+ Kxg6 28. f3 Nd7 29. Rd1 Ngf6 30. Kh2 Kf7 31. Ne2 Ng8 32. g4 Ne7 33. Nxe7
Bxe7 34. Kg3 Nc5 35. b4 Ne6 36. g5 Bd6 37. Kf2 Kg6 38. Ng3 Ng7 39. Rh1 Nh5 40.
Nxh5 Kxh5 41. Kg3 Bd7 42. Ra1 Kg6 43. Ra8 Be6 44. Re8 Bc4 45. Kg4 1-0

[Event "Integracyjny Turniej FIANCHETTO"]
[Site "Jastrzebia Gora"]
[Date "2013.??.??"]
[Round "5.5"]
[White "Niecko, Stanislaw"]
[Black "Wojcieszyn, Zdzislaw"]
[Result "1/2-1/2"]
[WhiteElo "1817"]
[BlackElo "2005"]
[PlyCount "21"]
[EventDate "2013.??.??"]

1. c4 Nf6 2. Nf3 e6 3. g3 d5 4. d4 dxc4 5. Qa4+ Bd7 6. Qxc4 Bc6 7. Bg2 Nbd7 8.
Nc3 Nb6 9. Qb3 a5 10. O-O Ne4 11. Ne5 1/2-1/2

[Event "Integracyjny Turniej FIANCHETTO"]
[Site "Jastrzebia Gora"]
[Date "2013.??.??"]
[Round "5.6"]
[White "Krawcewicz, Lucyna"]
[Black "Schils, Heinz"]
[Result "0-1"]
[WhiteElo "1935"]
[BlackElo "1811"]
[PlyCount "109"]
[EventDate "2013.??.??"]

1. d4 f5 2. e4 fxe4 3. Nc3 Nf6 4. Bg5 c6 5. Bxf6 exf6 6. Nxe4 d5 7. Ng3 Bd6 8.
Bd3 Kf7 9. N1e2 g6 10. c3 Nd7 11. O-O Re8 12. Qd2 Kg7 13. Rfe1 Nf8 14. Nf4 Bd7
15. Rxe8 Bxe8 16. Re1 Bf7 17. Bc2 Qc7 18. Nfe2 Re8 19. Nf1 Ne6 20. Neg3 Bf4 21.
Qd1 Bg5 22. Re2 Nf4 23. Rxe8 Bxe8 24. Qf3 h5 25. Ne2 Bf7 26. g3 Nxe2+ 27. Qxe2
f5 28. f4 Qe7 29. Qf2 Bf6 30. Nd2 h4 31. Nf3 hxg3 32. hxg3 Be6 33. Qe2 Bd7 34.
Qxe7+ Bxe7 35. Ne5 Be6 36. g4 Kf6 37. g5+ Kg7 38. a4 Bd6 39. Nd3 b6 40. Kf2 Bc8
41. Ke3 Kf7 42. b4 Ba6 43. Nc1 Bc4 44. Bd3 b5 45. Bxc4 dxc4 46. Ne2 bxa4 47.
Kd2 Ke6 48. Ke3 a3 49. Nc1 Kd5 50. Na2 Bc7 51. Kf3 a5 52. Ke3 Bb6 53. Kf3 Kd6
54. Ke3 axb4 55. cxb4 {(...60)} 0-1

[Event "Integracyjny Turniej FIANCHETTO"]
[Site "Jastrzebia Gora"]
[Date "2013.??.??"]
[Round "5.7"]
[White "Mirski, Jerzy"]
[Black "Wroblewski, Mieczyslaw"]
[Result "0-1"]
[WhiteElo "1801"]
[BlackElo "1825"]
[PlyCount "84"]
[EventDate "2013.??.??"]

1. e4 c5 2. Nf3 d6 3. d4 cxd4 4. Nxd4 Nf6 5. Nc3 a6 6. Be2 e6 7. O-O Qc7 8. Be3
b5 9. Bf3 Bb7 10. a3 Nbd7 11. Bg5 Be7 12. Re1 Ne5 13. Rb1 O-O 14. Bf4 Nc4 15.
Bg3 Nxb2 16. Rxb2 Qxc3 17. Rb3 Qc5 18. Ree3 Rac8 19. Rbc3 Qa7 20. Ne2 e5 21.
Bh4 Rxc3 22. Nxc3 Qc5 23. Bxf6 Bxf6 24. Nd5 Bxd5 25. exd5 Rc8 26. Be4 Qd4 27.
Bd3 Rc5 28. Re4 Qxd5 29. h4 Qc6 30. Qh5 g6 31. Qg4 d5 32. Re1 e4 33. Bf1 Rxc2
34. h5 Kg7 35. Qf4 g5 36. Qf5 Qe6 37. Qxe6 fxe6 38. g4 Bd4 39. Re2 Rxe2 40.
Bxe2 Bb2 41. a4 bxa4 42. Bxa6 a3 0-1

[Event "Integracyjny Turniej FIANCHETTO"]
[Site "Jastrzebia Gora"]
[Date "2013.??.??"]
[Round "5.8"]
[White "Karolak, Jan"]
[Black "Salamon, Jan"]
[Result "1-0"]
[WhiteElo "1905"]
[BlackElo "1788"]
[PlyCount "38"]
[EventDate "2013.??.??"]

1. Nf3 Nf6 2. g3 d5 3. Bg2 c6 4. O-O Bf5 5. d3 Nbd7 6. Bf4 e6 7. Re1 Be7 8. c3
O-O 9. Nh4 Bg6 10. Nxg6 hxg6 11. e4 dxe4 12. dxe4 e5 13. Bg5 Nc5 14. Qxd8 Rfxd8
15. Na3 Nd3 16. Re2 Bxa3 17. bxa3 Nc5 18. f4 Ne6 19. Rf1 19... Rd3 {(...54)}
1-0

[Event "Integracyjny Turniej FIANCHETTO"]
[Site "Jastrzebia Gora"]
[Date "2013.??.??"]
[Round "5.9"]
[White "Witusik, Jerzy"]
[Black "Zieba, Teofil"]
[Result "1/2-1/2"]
[WhiteElo "1807"]
[BlackElo "1767"]
[PlyCount "22"]
[EventDate "2013.??.??"]

1. e4 c5 2. Nf3 d6 3. d4 cxd4 4. Nxd4 Nf6 5. Nc3 e6 6. f3 Be7 7. Be3 O-O 8. Qd2
a6 9. O-O-O Nc6 10. Kb1 Qc7 11. g4 b5 1/2-1/2

[Event "Integracyjny Turniej FIANCHETTO"]
[Site "Jastrzebia Gora"]
[Date "2013.??.??"]
[Round "5.10"]
[White "Szydlowski, Wiktor"]
[Black "Rogalski, Krzysztof"]
[Result "0-1"]
[WhiteElo "1792"]
[BlackElo "1805"]
[PlyCount "68"]
[EventDate "2013.??.??"]

1. e4 c5 2. Nf3 e6 3. b4 cxb4 4. d4 d5 5. e5 Ne7 6. Bd3 Nbc6 7. a3 Nf5 8. O-O
Ncxd4 9. Nxd4 Nxd4 10. axb4 Nc6 11. f4 Bxb4 12. Qg4 g6 13. c3 Be7 14. Na3 Bd7
15. Kh1 a6 16. Nc2 O-O 17. Nd4 Nxd4 18. cxd4 f5 19. exf6 Bxf6 20. Rb1 b5 21.
Ba3 Rf7 22. Bc5 Bg7 23. Qg3 Rc8 24. h4 Bf8 25. h5 Bxc5 26. hxg6 hxg6 27. dxc5
Qf6 28. Qf2 e5 29. Bc2 Qxf4 30. Qxf4 Rxf4 31. Bxg6 Rxf1+ 32. Rxf1 Rxc5 33. Rf6
Rc6 34. Bf7+ Kg7 0-1

[Event "Integracyjny Turniej FIANCHETTO"]
[Site "Jastrzebia Gora"]
[Date "2013.??.??"]
[Round "5.11"]
[White "Zawada, Andrzej"]
[Black "Strojek, Kazimierz"]
[Result "0-1"]
[WhiteElo "1718"]
[BlackElo "1737"]
[PlyCount "120"]
[EventDate "2013.??.??"]

1. e4 d5 2. exd5 Nf6 3. Nf3 Nxd5 4. d4 Bg4 5. Be2 e6 6. O-O Bd6 7. h3 Bh5 8.
Bg5 Be7 9. Bxe7 Qxe7 10. Nbd2 O-O 11. Ne5 Bxe2 12. Qxe2 c6 13. c3 Nd7 14. Ndf3
Rfe8 15. Rae1 Nf8 16. Nh2 Qg5 17. Qf3 Re7 18. Re4 f6 19. Nc4 h5 20. Ne3 Rae8
21. Nxd5 exd5 22. Rxe7 Rxe7 23. Qd1 g6 24. Nf3 Qf4 25. Re1 Re4 26. Nd2 Rxe1+
27. Qxe1 Kf7 28. Nf3 Ne6 29. Qd1 g5 30. Nh2 Kg6 31. a4 Qf5 32. a5 Nf4 33. Nf1
Qe4 34. f3 Qd3 35. Qxd3+ Nxd3 36. b4 f5 37. Ne3 Nb2 38. b5 f4 39. bxc6 bxc6 40.
Nc2 Nc4 41. a6 Kf6 42. Nb4 Na5 43. Kf2 Ke6 44. g3 Kd6 45. gxf4 gxf4 46. Nd3 Nb3
47. Ke2 h4 48. Nxf4 c5 49. Kd3 cxd4 50. cxd4 Na5 51. Ng2 Nc6 52. Kc3 Nb8 53. f4
Nxa6 54. Nxh4 Ke6 55. Ng2 Kf5 56. Ne3+ Ke4 57. f5 Kxe3 58. f6 Nc7 59. h4 Ne6
60. f7 a5 0-1

[Event "Integracyjny Turniej FIANCHETTO"]
[Site "Jastrzebia Gora"]
[Date "2013.??.??"]
[Round "5.12"]
[White "Grabczynski, Zdzislaw"]
[Black "Woda, Janusz"]
[Result "0-1"]
[WhiteElo "1797"]
[BlackElo "1554"]
[PlyCount "66"]
[EventDate "2013.??.??"]

1. d4 c5 2. d5 Nf6 3. c4 b5 4. Nc3 b4 5. Na4 d6 6. b3 g6 7. Nb2 Bg7 8. Nf3 Ne4
9. Qc2 Bf5 10. g4 Bc3+ 11. Bd2 Nxd2 12. gxf5 Nxf3+ 13. Kd1 Nd4 14. Qc1 Nxf5 15.
Rb1 Bxb2 16. Qxb2 O-O 17. e4 Nd4 18. Bg2 Nd7 19. Qd2 Kg7 20. h4 h5 21. f4 a5
22. Qe3 a4 23. e5 axb3 24. axb3 Ra2 25. Bh3 f5 26. exf6+ Nxf6 27. Rg1 Ng4 28.
Bxg4 hxg4 29. Rxg4 Qd7 30. Rg5 Rf5 31. Qg1 Rxg5 32. Qxg5 Nf3 33. Qg3 Qf5 0-1

[Event "Integracyjny Turniej FIANCHETTO"]
[Site "Jastrzebia Gora"]
[Date "2013.??.??"]
[Round "5.13"]
[White "Jasinska-kuzia, Lidia"]
[Black "Olszewski, Jerzy"]
[Result "0-1"]
[WhiteElo "1605"]
[BlackElo "1778"]
[PlyCount "36"]
[EventDate "2013.??.??"]

1. e4 e5 2. Nf3 Nc6 3. d4 exd4 4. Nxd4 Qe7 5. Nc3 Nxd4 6. Qxd4 d6 7. Bd3 h6 8.
O-O c6 9. Bf4 Be6 10. e5 d5 11. Qa4 Qb4 12. a3 Qxa4 13. Nxa4 d4 14. b4 O-O-O
15. Nb2 Ne7 16. Be4 Bd5 17. Bd3 g5 18. h3 gxf4 0-1

[Event "Integracyjny Turniej FIANCHETTO"]
[Site "Jastrzebia Gora"]
[Date "2013.??.??"]
[Round "5.14"]
[White "Serbinowski, Mieczyslaw"]
[Black "Grabarczyk, Edmund"]
[Result "0-1"]
[WhiteElo "1766"]
[BlackElo "1394"]
[PlyCount "57"]
[EventDate "2013.??.??"]

1. d4 d5 2. Nc3 Nf6 3. Bg5 e6 4. e4 dxe4 5. Bxf6 Qxf6 6. Nxe4 Qf5 7. Bd3 Qa5+
8. c3 Nc6 9. f4 Nxd4 10. b4 Bxb4 11. cxb4 Qxb4+ 12. Kf1 Nf5 13. Rb1 Qa5 14. Qb3
O-O 15. Nf3 Rd8 16. g4 Ne3+ 17. Ke2 Nxg4 18. Neg5 Nf6 19. Rhd1 h6 20. Bh7+ Nxh7
21. Rxd8+ Nf8 22. Qd3 g6 23. Nxe6 Qxa2+ 24. Ke3 Qxe6+ 25. Ne5 Qh3+ 26. Nf3 Bg4
27. Rxa8 Qxf3+ 28. Kd4 Qxf4+ 29. Qe4 0-1

[Event "Integracyjny Turniej FIANCHETTO"]
[Site "Jastrzebia Gora"]
[Date "2013.??.??"]
[Round "5.16"]
[White "Wysocki, Mieczyslaw"]
[Black "Tomczyk, Ryszard"]
[Result "1-0"]
[WhiteElo "1762"]
[BlackElo "1459"]
[PlyCount "43"]
[EventDate "2013.??.??"]

1. e4 c5 2. Nf3 Nc6 3. d4 cxd4 4. Nxd4 Qb6 5. c3 g6 6. Bc4 Nf6 7. Nxc6 Qxc6 8.
Bd5 Nxd5 9. exd5 Qb6 10. O-O a5 11. Nd2 e6 12. Nc4 Qc5 13. b3 Bg7 14. Ba3 Qxd5
15. Nd6+ Kd8 16. Nxf7+ Kc7 17. Nxh8 Qxd1 18. Rfxd1 Bxh8 19. Rd3 b5 20. Bd6+ Kc6
21. Rad1 Bb7 22. f4 {(...34)} 1-0

[Event "Integracyjny Turniej FIANCHETTO"]
[Site "Jastrzebia Gora"]
[Date "2013.??.??"]
[Round "5.18"]
[White "Borkowski, Jozef"]
[Black "Budnik, Kazimierz"]
[Result "1-0"]
[WhiteElo "1673"]
[BlackElo "1326"]
[PlyCount "77"]
[EventDate "2013.??.??"]

1. e4 c5 2. Nf3 d6 3. Bc4 e6 4. c3 Nf6 5. d3 a6 6. a4 a5 7. O-O Be7 8. h3 O-O
9. Nh2 Nc6 10. Bb3 b6 11. Na3 d5 12. exd5 Nxd5 13. Nc4 Bb7 14. Nf3 Rc8 15. Ne3
Nxe3 16. fxe3 Qc7 17. e4 Rcd8 18. Qe2 e5 19. Be3 Kh8 20. Ng5 Bxg5 21. Bxg5 f6
22. Bh4 Ne7 23. Be6 Ng6 24. Bg3 Nf4 25. Bxf4 exf4 26. Rad1 Qe5 27. Qg4 g5 28.
Bf5 Rf7 29. h4 gxh4 30. Qxh4 Bc8 31. Rxf4 Bxf5 32. Rxf5 Qe6 33. Qf4 Rg8 34. Kf2
Rfg7 35. Rg1 Rg4 36. Qh6 R4g6 37. Qh5 Rg5 38. Qf3 Rg3 39. Qe2 {(...60)} 1-0

[Event "Integracyjny Turniej FIANCHETTO"]
[Site "Jastrzebia Gora"]
[Date "2013.??.??"]
[Round "5.19"]
[White "Chmielowski, Stefan"]
[Black "Zatylny, Jan"]
[Result "1/2-1/2"]
[WhiteElo "1678"]
[BlackElo "1583"]
[PlyCount "34"]
[EventDate "2013.??.??"]

1. d4 d5 2. Nf3 e6 3. Nc3 c6 4. e3 Nf6 5. Bd3 Bb4 6. Bd2 Nbd7 7. a3 Bd6 8. h3
b5 9. O-O O-O 10. b4 Nb6 11. Ne5 Bb7 12. f4 Ne4 13. Bxe4 dxe4 14. Qg4 Qe7 15.
Qg3 f5 16. Ne2 Qf6 17. Rab1 17... Nd5 {(...60)} 1/2-1/2

[Event "Integracyjny Turniej FIANCHETTO"]
[Site "Jastrzebia Gora"]
[Date "2013.??.??"]
[Round "5.20"]
[White "Grobelna, Ewa"]
[Black "Wojtowicz, Mieczyslaw"]
[Result "0-1"]
[WhiteElo "1541"]
[BlackElo "1675"]
[PlyCount "94"]
[EventDate "2013.??.??"]

1. d4 d5 2. Nc3 Nf6 3. Nf3 e6 4. a3 Be7 5. e3 O-O 6. Bd3 c5 7. O-O c4 8. Be2
Nbd7 9. Re1 Qc7 10. h3 a6 11. Bf1 Ne8 12. e4 dxe4 13. Nxe4 Nd6 14. Bf4 b5 15.
Nxd6 Bxd6 16. Bxd6 Qxd6 17. c3 Bb7 18. Ne5 Rad8 19. Qe2 Nf6 20. f3 Ba8 21. Qf2
Nd5 22. Qh4 Ne7 23. Qf2 Bd5 24. Rad1 a5 25. f4 Rb8 26. g4 f6 27. Nf3 Qxf4 28.
Bg2 Rb6 29. Nh4 Qxf2+ 30. Kxf2 Bxg2 31. Nxg2 Nd5 32. Re2 b4 33. Rc1 bxa3 34.
bxa3 Rb3 35. Rec2 a4 36. Ne3 Nxe3 37. Kxe3 Rfb8 38. Ra1 R8b5 39. Kd2 Rd5 40.
Kc1 e5 41. dxe5 Rxe5 42. Kd2 Rd5+ 43. Ke3 Rd3+ 44. Kf4 Rxh3 45. g5 fxg5+ 46.
Kxg5 h6+ 47. Kg4 47... Rd3 {(...60)} 0-1

[Event "Integracyjny Turniej FIANCHETTO"]
[Site "Jastrzebia Gora"]
[Date "2013.??.??"]
[Round "5.21"]
[White "Lenart, Franciszek"]
[Black "Ostrowski, Michal"]
[Result "0-1"]
[WhiteElo "1573"]
[BlackElo "1431"]
[PlyCount "38"]
[EventDate "2013.??.??"]

1. d4 Nf6 2. e3 d5 3. Be2 e6 4. Bd2 Bd6 5. Nc3 c6 6. Nf3 Ne4 7. Nxe4 dxe4 8.
Ng1 Qg5 9. f4 Qxg2 10. Bf1 Qxh1 11. Qg4 Qxh2 12. Qxg7 Qh4+ 13. Ke2 Qh5+ 14. Ke1
Rf8 15. Nh3 Qg6 16. Qxg6 hxg6 17. Ng5 f5 18. Nh7 Rh8 19. Nf6+ 19... Kf7 {
(...43)} 0-1

[Event "Integracyjny Turniej FIANCHETTO"]
[Site "Jastrzebia Gora"]
[Date "2013.??.??"]
[Round "5.22"]
[White "Kondrusik, Aleksander"]
[Black "Jurkiewicz, Kazimierz"]
[Result "1-0"]
[WhiteElo "1530"]
[BlackElo "1437"]
[PlyCount "125"]
[EventDate "2013.??.??"]

1. e4 c6 2. d4 d5 3. Nc3 e6 4. Nf3 b6 5. Be3 Ba6 6. Bd3 Bxd3 7. cxd3 Bb4 8. O-O
Nf6 9. Bg5 O-O 10. Rc1 dxe4 11. Nxe4 Be7 12. Be3 Qd7 13. Qc2 Rc8 14. a3 b5 15.
Qb1 a6 16. Rc2 Nd5 17. Rfc1 a5 18. Ne5 Qb7 19. Nc5 Bxc5 20. dxc5 f6 21. Nf3 a4
22. Nd2 f5 23. Nf3 Nd7 24. d4 Rf8 25. Re2 Rae8 26. Bd2 h6 27. Rce1 Rf6 28. h4
Kf7 29. Qd3 Qb8 30. h5 Kg8 31. Nh4 Nf8 32. Qh3 Re7 33. Re5 Kh7 34. g3 Qc8 35.
f4 Qd8 36. Nf3 Nd7 37. R5e2 Qc7 38. Qh2 Qc8 39. Be3 Kg8 40. Nh4 Nf8 41. Rd2 Qe8
42. Nf3 Nd7 43. Qh1 Qb8 44. Rh2 Re8 45. Qg2 Kf8 46. Qd2 Kg8 47. Qd3 Kh7 48. Bd2
Re7 49. g4 g6 50. g5 Rf8 51. hxg6+ Kxg6 52. Rxh6+ Kf7 53. Ne5+ Nxe5 54. Rxe5
Nc7 55. Qh3 Ke8 56. Qh5+ Kd7 57. g6 Rg7 58. Rh7 Rfg8 59. Qh6 Qf8 60. Re2 Ne8
61. Rg2 Ke7 62. Ba5 Kf6 63. Bd8+ 1-0

[Event "Integracyjny Turniej FIANCHETTO"]
[Site "Jastrzebia Gora"]
[Date "2013.??.??"]
[Round "5.23"]
[White "Korycki, Jozef"]
[Black "Krupecka-czarkowska, Danuta"]
[Result "1-0"]
[WhiteElo "1716"]
[BlackElo "1233"]
[PlyCount "87"]
[EventDate "2013.??.??"]

1. e4 e5 2. Nf3 Nc6 3. Bc4 f6 4. c3 Na5 5. Be2 Bd6 6. b4 Nc6 7. a4 Nce7 8. d4
exd4 9. Nxd4 Be5 10. f4 Bd6 11. O-O Nh6 12. Nb5 a6 13. Nxd6+ cxd6 14. Qxd6 O-O
15. f5 Nf7 16. Qg3 Nd6 17. Qxd6 Nc6 18. Qg3 Qe8 19. Nd2 Qe5 20. Qxe5 Nxe5 21.
Bb2 d6 22. Rad1 Rd8 23. c4 a5 24. b5 b6 25. Nf3 Nxc4 26. Bxc4+ Kh8 27. Bd5 Rb8
28. Rc1 Bd7 29. Nd4 Re8 30. Rfe1 h6 31. Rc7 Re7 32. Nc6 Bxc6 33. Rxe7 Bxd5 34.
exd5 Rc8 35. Re8+ Rxe8 36. Rxe8+ Kh7 37. Re7 h5 38. Bxf6 Kh6 39. Bxg7+ Kg5 40.
f6 Kf5 41. f7 Kg6 42. f8=Q Kg5 43. Qf6+ Kg4 44. Re4# 1-0

[Event "Integracyjny Turniej FIANCHETTO"]
[Site "Jastrzebia Gora"]
[Date "2013.??.??"]
[Round "5.24"]
[White "Pilecki, Jozef"]
[Black "Radwan, Jan"]
[Result "0-1"]
[WhiteElo "1399"]
[BlackElo "1651"]
[PlyCount "49"]
[EventDate "2013.??.??"]

1. e4 c5 2. Bc4 e6 3. a3 a6 4. Nc3 b5 5. Ba2 Nc6 6. Nf3 Bb7 7. d4 cxd4 8. Nxd4
Be7 9. O-O Bf6 10. Nxc6 Bxc6 11. f3 d6 12. Ne2 Ne7 13. c3 O-O 14. Ng3 Ng6 15.
Be3 Qc7 16. Bb1 e5 17. Nf5 Rad8 18. Ba2 Rfe8 19. Bd5 Rd7 20. Rc1 Bxd5 21. Qxd5
Ne7 22. Nxe7+ Bxe7 23. c4 bxc4 24. Rxc4 Qb7 25. Qd2 0-1

[Event "Integracyjny Turniej FIANCHETTO"]
[Site "Jastrzebia Gora"]
[Date "2013.??.??"]
[Round "5.26"]
[White "Czarkowski, Jan"]
[Black "Panczuk, Boleslaw"]
[Result "0-1"]
[WhiteElo "1289"]
[BlackElo "1436"]
[PlyCount "48"]
[EventDate "2013.??.??"]

1. e4 e5 2. Qh5 Nc6 3. Bb5 d6 4. Bxc6+ bxc6 5. Qd1 Nf6 6. d3 Be7 7. Bg5 Ba6 8.
Bxf6 Bxf6 9. Nd2 O-O 10. c4 d5 11. b3 dxc4 12. dxc4 Bb7 13. Ndf3 Qe7 14. a3
Rad8 15. Qc2 c5 16. Rd1 Rxd1+ 17. Qxd1 Bxe4 18. Ke2 Rd8 19. Qc1 Bg6 20. g4 Qd6
21. Nd2 Qd3+ 22. Kd1 Be4 23. f3 Bxf3+ 24. Ngxf3 24... Qxf3+ {(...42)} 0-1

[Event "Integracyjny Turniej FIANCHETTO"]
[Site "Jastrzebia Gora"]
[Date "2013.??.??"]
[Round "5.27"]
[White "Szynwelski, Ryszard"]
[Black "Jagiello, Adolf"]
[Result "1-0"]
[WhiteElo "1320"]
[BlackElo "1386"]
[PlyCount "31"]
[EventDate "2013.??.??"]

1. e4 e5 2. c4 d6 3. Nf3 Be7 4. Nc3 c6 5. d4 Bg4 6. Be3 Nd7 7. Be2 Bf6 8. dxe5
dxe5 9. Qb3 b6 10. Rd1 Qc7 11. O-O Ne7 12. Rd2 O-O 13. Rfd1 Rad8 14. Rd3 h6 15.
R1d2 Be6 16. Qd1 {(...56)} 1-0

[Event "Integracyjny Turniej FIANCHETTO"]
[Site "Jastrzebia Gora"]
[Date "2013.??.??"]
[Round "6.1"]
[White "Kiedrowicz, Jan"]
[Black "Szczepaniec, Stanislaw"]
[Result "1-0"]
[WhiteElo "2312"]
[BlackElo "1987"]
[PlyCount "51"]
[EventDate "2013.??.??"]

1. Nf3 c5 2. g3 Nc6 3. Bg2 e5 4. O-O d5 5. d3 Be7 6. c4 d4 7. e3 Bg4 8. h3 Bf5
9. Qb3 Qd7 10. Kh2 h6 11. exd4 exd4 12. Re1 f6 13. Nbd2 g5 14. Ne4 Kf7 15. Bd2
h5 16. Qb5 g4 17. Nh4 Bh7 18. Nxc5 Bxc5 19. Qxc5 Bxd3 20. Bf4 Nge7 21. Rad1 Bc2
22. Bd5+ Nxd5 23. cxd5 Ne5 24. Qxc2 Qxd5 25. Bxe5 fxe5 26. Qf5+ 1-0